000
00322nam a22001337a 4500
008
170308b xxu||||| |||| 00| 0 eng d
020
_a
9780721639611
041
_a
eng
080
_2
5 ED
_a
611
100
_a
6 ED
101
_a
SHM
245
_a
HUMAN PHYSIOLOGY AND MECHANISM OF DISEASE
_c
GUYTON.A.C
942
_2
udc
_c
BK
999
_c
7210
_d
7210